Arsenal 2017/18 Squad - Statistics

General Stats
  • This quiz has been taken 45 times
  • The average score is 19 of 31
Answer Stats
Number Nationality Player % Correct
8 Wales Aaron Ramsey
100%
14 Gabon Pierre-Emerick Aubameyang
100%
9 France Alexandre Lacazette
91%
11 Germany Mesut Özil
91%
33 Czechia Petr Čech
91%
6 France Laurent Koscielny
88%
4 Germany Per Mertesacker
88%
17 Nigeria Alex Iwobi
84%
7 (77 in europe) Armenia Henrikh Mkhitaryan
84%
29 Switzerland Granit Xhaka
81%
35 Egypt Mohamed Elneny
81%
10 England Jack Wilshere
75%
18 Spain Nacho Monreal
75%
20 Germany Shkodran Mustafi
75%
24 Spain Héctor Bellerin
72%
19 Spain Santi Cazorla
72%
31 Bosnia and Herzegovina Sead Kolašinac
72%
13 Colombia David Ospina
69%
26 Argenina Emiliano Martínez
69%
16 England Rob Holding
59%
21 England Calum Chambers
53%
ON LOAN Costa Rica Joel Campbell
53%
27 Greece Konstantinos Mavropanos
53%
30 England Ainsley Maitland-Niles
44%
23 England Danny Welbeck
41%
25 England Carl Jenkinson
22%
28 Spain Lucas Pérez
19%
ON LOAN Japan Takuma Asano
13%
32 (ON LOAN) England Chuba Akpom
6%
40 (ON LOAN) England Cohen Bramall
3%
22 France Jeff Reine-Adélaïde
3%
No matching quizzes found
Score Distribution
Percent of People with Each Score
Percentile by Number Answered
Your Score History
You have not taken this quiz